| 000 | 00867nam a2200253 a 4500 | ||
|---|---|---|---|
| 008 | |||
| 020 | _a0130114375 (hardback) | ||
| 049 | _aMAIN | ||
| 090 |
_aTJ230 _bSAN |
||
| 100 | 1 | _aSandor, George N. | |
| 245 | 1 | 0 |
_aAdvanced mechanism design : _banalysis and synthesis, volume 2 / _c George N. Sandor, Arthur G. Erdman |
| 260 |
_aEnglewood Cliffs, NJ : _bPrentice-Hall, _cc1984. |
||
| 300 |
_axii, 688 p. : _bill. ; _c25 cm. |
||
| 504 | _aIncludes Bibliographical references: p. 666-84. | ||
| 500 | _aIncludes index. | ||
| 500 | _aVolume 1 published under the title Mechanism Design: Analysis and synthesis, Vol. 1. | ||
| 650 | 0 | _aMachine design. | |
| 700 | _aErdman, Arthur G. | ||
| 907 |
_a.b10115377 _b06-04-22 _c24-03-04 |
||
| 003 | |||
| 005 | 20230123133645.0 | ||
| 040 | _cNUST | ||
| 942 |
_cBOOKS _kTJ230 _mSAN |
||
| 999 |
_c152381 _d152381 |
||